000 00633pam a2200193 a 4500
020 _a0521266556 (hardback)
020 _a0521319862 (paperback)
040 _cDLC
082 0 0 _a339 CAM 1992 A075 Or.
100 1 _aShoven, John B.
245 1 0 _aApplying general equilibrium /
260 _aCambridge [England] ;
_aNew York :
_bCambridge University Press,
_c1992.
300 _avii, 299 p. :
_bill. ;
_c24 cm.
650 0 _aEquilibrium (Economics)
700 1 _aWhalley, John.
856 4 2 _uhttp://www.loc.gov/catdir/description/cam024/91023007.html
856 4 1 _uhttp://www.loc.gov/catdir/toc/cam026/91023007.html
942 _cEK
999 _c15241
_d15241